00462nam a2200145Ia 450000500170000000800410001710000240005824500570008226000130013930000110015265000150016394200070017899900150018595201160020020260328101530.0260328s9999||||xx |||||||||||||| ||und|| aRosenfield, Isadore 0aHospitals - integrated Design /cIsadore Rosenfield bReinhold a308 p. aHOSPITALES cBK c9956d9956 001040708GENaGPCbGPCcGENd2026-03-28i3801l0o725.6 R 8139p3801r2026-03-28 15:15:30t1w2026-03-28yBK